Informe acerca de los documentos referentes a la historia vasca que se contienen en archivos públicos / (Record no. 59058)

MARC details
000 -LEADER
campo de control de longitud fija 00679nam a2200181 i 4500
001 - NÚMERO DE CONTROL
campo de control 59058
003 - IDENTIFICADOR DE NÚMERO DE CONTROL
campo de control ES-MaACL
005 - FECHA Y HORA DE LA ÚLTIMA TRANSACCIÓN
campo de control 20250824063033.0
007 - CAMPO FIJO DE DESCRIPCIÓN FÍSICA--INFORMACIÓN GENERAL
campo de control de longitud fija t|
008 - DATOS DE LONGITUD FIJA--INFORMACIÓN GENERAL
campo de control de longitud fija 031027s1919 sp ||||1| spa d
100 1# - ENTRADA PRINCIPAL--NOMBRE DE PERSONA
Nombre de persona Echegaray, Carmelo de,
Fechas asociadas al nombre 1865-1925
9 (RLIN) 46523
245 10 - MENCIÓN DEL TÍTULO
Título Informe acerca de los documentos referentes a la historia vasca que se contienen en archivos públicos /
Mención de responsabilidad, etc. leído por Carmelo de Echegaray ...
260 ## - PUBLICACIÓN, DISTRIBUCIÓN, ETC.
Lugar de publicación, distribución, etc. San Sebastián :
Nombre del editor, distribuidor, etc. Eusko-Ikaskuntza = Sociedad de Estudios Vascos,
Fecha de publicación, distribución, etc. 1919.
300 ## - DESCRIPCIÓN FÍSICA
Extensión 19 p. ;
Dimensiones 21 cm.
651 #4 - PUNTO DE ACCESO ADICIONAL DE MATERIA--NOMBRE GEOGRÁFICO
Nombre geográfico País Vasco-
Subdivisión general Historia-
-- Recursos archivísticos.
9 (RLIN) 153923
852 ## - LOCALIZACIÓN
Ubicación ES-MaACL
Número de control de estantería 1585-F-3
Holdings
Estatus retirado Estado de pérdida Estado de daño No para préstamo Colección Biblioteca de origen Biblioteca actual Ubicación en estantería Fecha de adquisición Fuente de adquisición Total de préstamos Signatura topográfica completa Código de barras Visto por última vez Precio de reemplazo Tipo de ítem Koha
        Colección de folletos Biblioteca del Ateneo de Madrid Biblioteca del Ateneo de Madrid Depósito folletos 17/01/2008     1585-F-3 1061949 23/02/2023 23/02/2023 Folleto